00804nam a22002177a 4500003000900000005001700009008003100026020001800057040002200075082002600097100002000123245013000143246004000273260006600313300003100379650004300410650004000453700002300493700003800516710003200554DO-SdBNP20240626093449.0170112b 2006 ag a 00| 0 spa d a9789507714900 aBPMSUbspacBPMSU aR036.1bE56i 20062221 aBruzzo, Mariana10aEnciclopedia inicial : bprimeros conocimientos /cTorello, Diana... [y otros ]; ilustraciones Diego Rodríguez... [y otros]14aEnciclopedia inicial :byo aprendo  aBuenos Aires, Argentina : bCultural Librera Americana,c2006 a550 p. :bil. ; c29 cm.  4aEducación preescolarvEnciclopedias. 4aJardines infantilesvEnciclopedias.1 aJacubovich, Martha1 aRodríguez Diego eilustraciones2 aCultural Librera Americana,